Migraciones rurales y estructura agraria en Nicaragua /

Guardado en:
Bibliografiske detaljer
Hovedforfatter: Jarquín C, Edmundo
Format: Texto
Tags: Tilføj Tag
Ingen Tags, Vær først til at tagge denne postø!

MARC

LEADER 00000 a a2200000 04500
001 7796
003
040
100 |a Jarquín C, Edmundo  
245 |a Migraciones rurales y estructura agraria en Nicaragua /  |c Edmundo Jarquín C 
773 |g número 11; páginas 87-166  
999 |c 33525  |d 33525